• 首页
  • 本馆介绍
  • 公告通知
  • 最新文献
  • 馆藏检索
  • 电子资源
  • 读者导购
  • 参考咨询
  • 我的图书馆
  • 登录
  • 详细信息显示
  • 放入我的书架
  • 预约/预借图书
  • 作者相关作品
  • 分类相关作品
  • 丛书相关作品
  • 出版社相关作品

书目信息

  • 表格格式
  • 工作单格式
  • 卡片格式
题名:
煤矿区三废治理技术及循环经济
    
 
作者: 王春荣 , 何绪文 编著
分册:  
出版信息: 北京   化学工业出版社  2014
页数: 198页
开本: 24cm
丛书名:
单 册:
中图分类: X752
科图分类:
主题词: 煤矿--废物处理 , 煤炭工业--无污染技术 , 煤矿 , 废物处理 , 煤炭工业 , 无污染技术 , 煤矿--废物处理 , 煤炭工业--无污染技术 , 煤矿 , 煤炭工业 , 煤矿--废物处理 , 煤炭工业--无污染技术 , 煤矿 , 煤炭工业
电子资源:
ISBN: 978-7-122-19123-6
000 01571nam0 2200421 450
001 3721
001 01XX09892419@CSLN
001 01XX09892419@CSLN
005 20160927091800.03
005 20140707172322
010    @a978-7-122-19123-6@b平装@dCNY68.00
100    @a20140408d2014 em y0chiy50 ea
101 0  @achi
102    @aCN@b110000
105    @aa z 000yy
200 1  @a煤矿区三废治理技术及循环经济@9mei kuang qu san fei zhi li ji shu ji xun huan jing ji@b专著@f王春荣,何绪文编著
210    @a北京@c化学工业出版社@d2014
215    @a198页@c图@d24cm
330    @a本书从技术层面介绍了煤矿区三废治理技术及循环经济发展模式。全书共分成两篇:上篇是末端治理技术,包括煤矿区废水(矿井水、生活污水、洗煤废水)来源及处理技术,煤矿区固体废物(煤矸石、粉煤灰、生活垃圾、煤泥)来源及处理、处置技术,煤矿区废气(瓦斯气、粉尘、烟气)来源及治理技术,及煤矿区生态治理与修复技术等内容;下篇为清洁生产及循环经济,包括煤炭开采、加工及利用过程中的清洁生产技术和煤矿区循环经济发展模式、实例等。
606 0  @a煤矿@x废物处理
606 0  @a煤炭工业@x无污染技术
606 0  @a煤矿
606 0  @a废物处理
606 0  @a煤炭工业
606 0  @a无污染技术
606    @a煤矿@x废物处理
606    @a煤炭工业@x无污染技术
606    @a煤矿
606    @a煤炭工业
606    @a煤矿@x废物处理
606    @a煤炭工业@x无污染技术
606    @a煤矿
606    @a煤炭工业
690    @aX752@v5
701  0 @a王春荣@9wang chun rong@c(女,@f1978~)@4编著
701  0 @a何绪文@9he xu wen@f(1964~)@4编著
801  0 @aCN@b唐山师范学院图书馆@c20151002
905    @aZUCC@dX752@e204
    
    煤矿区三废治理技术及循环经济/王春荣,何绪文编著.-北京:化学工业出版社,2014
    198页:图;24cm
    
    
    ISBN 978-7-122-19123-6(平装):CNY68.00
    本书从技术层面介绍了煤矿区三废治理技术及循环经济发展模式。全书共分成两篇:上篇是末端治理技术,包括煤矿区废水(矿井水、生活污水、洗煤废水)来源及处理技术,煤矿区固体废物(煤矸石、粉煤灰、生活垃圾、煤泥)来源及处理、处置技术,煤矿区废气(瓦斯气、粉尘、烟气)来源及治理技术,及煤矿区生态治理与修复技术等内容;下篇为清洁生产及循环经济,包括煤炭开采、加工及利用过程中的清洁生产技术和煤矿区循环经济发展模式、实例等。
●
相关链接 在E读中查询图书 在五车中查询图书 在当当中查询图书 在豆瓣中查询图书


正题名:煤矿区三废治理技术及循环经济     索取号:X752/204         预约/预借

序号 登录号 条形码 馆藏地/架位号 状态 备注
1 906165   209061655   第二样本阅览室/ [索取号:X752/204] 在馆    
2 906166   209061664   第三借阅区/ [索取号:X752/204] 在馆    
3 906167   209061673   第三借阅区/ [索取号:X752/204] 在馆    
4 906168   209061682   第三借阅区/ [索取号:X752/204] 在馆    
5 906169   209061691   第三借阅区/ [索取号:X752/204] 在馆    
唐山师范学院图书馆 欢迎您!
大连网信软件有限公司© 版权所有